| 000 | 00660nam a2200253 a 4500 | ||
|---|---|---|---|
| 999 |
_c9217 _d9217 |
||
| 001 | 9217 | ||
| 003 | BD-JhCC | ||
| 005 | 20180521101631.0 | ||
| 008 | 180311r19571961xxu |||| |||| 001 0 eng d | ||
| 035 | _a(BD-JhCC)9217 | ||
| 040 |
_aBD-JhCC _dBD-JhCC |
||
| 041 | _aeng | ||
| 082 |
_22 _a540 _bSIE 1961 |
||
| 100 | _aJ. Sienko,Michell | ||
| 245 |
_aChemistry / _cMichell J. Sienko and Robert A. Plane |
||
| 250 | _a2nd edu. | ||
| 260 |
_aAmerica: _bMcGraw-Hill Book Company, _c1961. |
||
| 300 |
_a623 p.: _bill. ; _c22 cm. |
||
| 504 | _aInclude Index | ||
| 650 | _aChemistry | ||
| 700 | _aPlane, Robert A. | ||
| 942 |
_2ddc _cBK |
||